[Event "GER-ch U12"]
[Site "Willingen"]
[Date "2017.06.10"]
[Round "11"]
[White "Grabbel, Torben Frederik"]
[Black "Chassard, Cedric"]
[Result "0-1"]
[WhiteElo "1405"]
[BlackElo "1290"]
[PlyCount "68"]
[EventDate "2017.06.04"]
[EventType "swiss"]
[EventRounds "11"]
[EventCountry "GER"]
[SourceTitle "CBM 178 Extra"]
[Source "ChessBase"]
[SourceDate "2017.06.22"]
[SourceVersion "1"]
[SourceVersionDate "2017.06.22"]
[SourceQuality "1"]

1. d4 Nf6 2. c4 e6 3. Nc3 d5 4. Bg5 Bb4 5. Qc2 h6 6. Bh4 Nbd7 7. Nf3 Be7 8. e3 b6 9. cxd5 Nxd5 10. Nxd5 exd5 11. Bg3 c5 12. Bb5 0-0 13. Bc6 Rb8 14. Bxd7 Bxd7 15. Bxb8 Qxb8 16. 0-0 Bd6 17. dxc5 bxc5 18. h3 Qc8 19. Ne1 Bb5 20. Nd3 Bd7 21. Nf4 Qb7 22. Rfd1 Bc6 23. Ne2 Re8 24. Nc3 Re5 25. Qb3 Qe7 26. Qc2 Rg5 27. Rd2 d4 28. exd4 Bxg2 29. f3 Qe3+ 30. Rf2 Qf4 31. Rxg2 Qh2+ 32. Kf1 Qh1+ 33. Kf2 Qxg2+ 34. Ke3 Qxc2 0-1

[Event "GER-chT U10"]
[Site "Magdeburg"]
[Date "2014.12.27"]
[Round "2.3"]
[White "Grabbel, Torben Frederik"]
[Black "Mueller, Stefan1111"]
[Result "1-0"]
[WhiteElo "600"]
[BlackElo "735"]
[PlyCount "89"]
[EventDate "2014.12.27"]
[EventType "team-swiss"]
[EventRounds "7"]
[EventCountry "GER"]
[SourceTitle "EXT 2016"]
[Source "ChessBase"]
[SourceDate "2015.10.08"]
[SourceVersion "1"]
[SourceVersionDate "2015.10.08"]
[SourceQuality "1"]
[WhiteTeam "Hamburger SK II"]
[BlackTeam "Friedrichsfelde Borussia"]
[WhiteTeamCountry "GER"]
[BlackTeamCountry "GER"]

1. d4 c6 2. e4 d5 3. e5 Bf5 4. Nf3 e6 5. Nc3 Bb4 6. Bd2 Bg4 7. g3 Ne7 8. Bg2 Nf5 9. 0-0 0-0 10. Ne2 Bxd2 11. Qxd2 f6 12. Qb4 b6 13. Nf4 fxe5 14. Nxe6 c5 15. dxc5 Qf6 16. Nxf8 Qxf8 17. Nxe5 bxc5 18. Qb7 Nc6 19. Qxc6 Ne7 20. Qxc5 Rc8 21. Qd4 Bf5 22. Qxa7 Qf6 23. Nd3 Rxc2 24. Qa4 Bxd3 25. Qe8+ Qf8 26. Qa4 Rxb2 27. Rac1 Qd8 28. Rfd1 Be2 29. Re1 d4 30. Be4 Nc8 31. Rc5 Nb6 32. Qc6 d3 33. Re5 Kf7 34. Qe6+ Kf8 35. Rf5+ Qf6 36. Rxf6+ gxf6 37. Qxf6+ Kg8 38. Qxb2 Nc4 39. Bd5+ Kf8 40. Bxc4 Bf3 41. Bxd3 Bc6 42. Qf6+ Kg8 43. Qxc6 h5 44. Qg6+ Kf8 45. Re8# 1-0